Zgadnij celebrytę po zdjęciu #6 - Statystyki

Ogólne statystyki
  • Ten quiz został rozwiązany 57 razy
  • Średni wynik to 8 z 16
Statystyki odpowiedzi
Obrazkowy Odpowiedź % Poprawnych
Will Smith
94%
Adele
90%
Michael Jordan
77%
Julia Roberts
65%
Madonna
63%
Pedro Pascal
50%
Jason Mamoa
46%
Kevin Hart
44%
Sarah Jessica Parker
42%
Whoopie Goldberg
42%
Ice Cube
33%
Jean Reno
33%
Jean Claude Van Damme
27%
Gary Oldman
21%
Macaulay Culkin
21%
Alicia Silverstone
8%
Nie znaleziono quizów pasujących do podanych kryteriów
Rozkład punktacji
Procent ludzi z każdym wynikiem
Percentyl według liczby udzielonych odpowiedzi
Twoja historia wyników
Nie rozwiązałeś tego quizu